000
00285nam a2200109Ia 4500
008
190216s9999||||xx |||||||||||||| ||und||
100
_a
Morkothu Kumaran
245
0
_a
Ashan Vimarshanathinde Soorya Reshmigal
260
_b
Current Books
650
_a
Essay Malayalam
942
_c
BK
999
_c
23763
_d
23763